Определение упругости паров некоторых кислот жирного ряда методом электропроводности: (экспериментальное исследование из физико-химической лаборатории Томск. Технологического Института); [оттиск статьи]

Библиографические подробности
Главный автор: Калье А. К.
Язык:русский
Опубликовано: Томск, Типо-литография Томской железной дороги, 1925
Серии:Известия Томского Технологического Института Т. 46, вып. 3
Предметы:
Формат: MixedMaterials Книга
Запись в KOHA:https://koha.lib.tpu.ru/cgi-bin/koha/opac-detail.pl?biblionumber=352029

MARC

LEADER 00000nam0a2200000 4500
001 352029
005 20231102010447.0
010 |a 50 экз. 
035 |a (RuTPU)RU\TPU\retro\8191 
035 |a RU\TPU\retro\8189 
090 |a 352029 
100 |a 20191113d1925 k y0rusy50 ca 
101 0 |a rus 
102 |a RU 
105 |a a z 000zy 
200 1 |a Определение упругости паров некоторых кислот жирного ряда методом электропроводности  |e (экспериментальное исследование из физико-химической лаборатории Томск. Технологического Института)  |e [оттиск статьи]  |f А. К. Калье 
210 |a Томск  |c Типо-литография Томской железной дороги  |d 1925 
215 |a 9 с.  |c 7 черт., диагр. 
225 1 |a Известия Томского Технологического Института  |v Т. 46, вып. 3 
316 |5 63413507: ШкА/2323  |a На обложке дарственная надпись: "В библ. ТТ Института от автора" 
606 1 |a Электропроводность  |2 stltpush  |3 (RuTPU)RU\TPU\subj\70034  |9 84597 
606 1 |a Упругость, теория  |2 stltpush  |3 (RuTPU)RU\TPU\subj\63144  |9 80188 
610 1 |a коллекция ТПУ 
610 1 |a труды учёных ТПУ 
610 1 |a оттиски 
610 1 |a дарственные надписи 
610 1 |a дары автора 
610 1 |a дары библиотеке 
610 1 |a насыщенные пары 
610 1 |a терморегуляторы 
610 1 |a муравьиная кислота 
610 1 |a уксусная кислота 
610 1 |a опыты 
610 1 |a концентрация 
610 1 |a удельная электропроводность 
675 |a 537.31  |v 4 
675 |a 539.3  |v 4 
700 1 |a Калье  |b А. К. 
801 1 |a RU  |b 63413507  |c 20191113 
801 2 |a RU  |b 63413507  |c 20191113  |g RCR 
942 |c BK